1216 1453 1398 1563 1101 1272 1194 1017 1190 1731 1616 1865 1756 1241 1455 1394 1464 1013 1684 1530 1889 1502 1254 1246 1570 1954 1083 1003 1720 1023 1248 1847 1264 1575 1436 1735 1906 1406 1757 1604 1631 1512 1376 1553 1759 1271 1994 1720 1978 1207 1398 1737 1179 1463 1797 1262 1624 1142 1289 1096 1272 1055 1485 1524 1068 1875 1674 1770 1755 1788 1300 1980 1824 1925 1817 1161 1388 1355 1991 1335 1611 1526 1822 1137 1529 1128 1976 1754 1229 1913 1700 1135 1290 1961 1369 1340 1507 1264 1161 BCNSPRNW ULIB Ver.6.0+V

เปลี่ยนเป็นภาษาไทย

Change to English
 แสดงรายละเอียดบรรณานุกรม
  กลับหน้าหลัก

Brief Record : Get Marc (ISO 2709) : E-mail record : QR code < ปิดหน้าต่าง
LEADER : 00000nam 2200000uu 4500
001    13399121234
003     ULIB
008    120528s2552 th a 000 0 tha d
020    ^a9789741111305
040    ^abrv
050  4 ^aPE1116.N8^bS111M 2552
100 0  ธชพร เทศะศิลป์
245 00 ^aMay I help you /^cบรรณาธิการ, ธชพร เทศะศิลป์
246 14 ^aMay I help you :^bพูดอังกฤษง่าย ๆ--สไตล์พยาบาล
250    ^aพิมพ์ครั้งที่ 2
260    ^aกรุงเทพฯ :^bฝ่ายการพยาบาล โรงพยาบาลศิริราช,^c2552
300    ^a190 หน้า :^bภาพประกอบ ;^c21 ซม.
650  4 ^aการสื่อสารทางการพยาบาล
650  4 ^aการสื่อสารทางการแพทย์
650  4 ^aภาษาอังกฤษ^xการใช้ภาษา^xพยาบาล
650  4 ^aภาษาอังกฤษ^xบทสนทนาและวลี
700 0  ^aธชพร เทศะศิลป์,^eบรรณาธิการ
710 2  ^aโรงพยาบาลศิริราช. ^bฝ่ายการพยาบาล
945    ^p200^l0^i16891
945    ^p200^l0^i17896
945    ^p200^l0^i16890
945    ^p200^l0^i19746
945    ^p200^l0^i19747
995    ^aกัณชพร
999    ^aกัณชพร
รายการนี้ยังไม่มีแท็ก
คุณยังไม่ได้ล็อกอิน คุณสามารถมีกิจกรรมร่วมกับเว็บไซต์ได้ แต่ต้องล็อกอินก่อน ::
  ล็อกอิน

รายการสื่อสารสนเทศ

ลำดับที่ ประเภท เลขเรียก/บาร์โค้ด สถานที่ สถานะ
1. การศึกษาทั่วไป
การศึกษาทั่วไป
PE1116.N8 S111M 2552  
  Barcode: 16891
ห้องสมุดวิทยาเขตสวรรค์ประชารักษ์
►หนังสือทั่วไป
บนชั้น
2. การศึกษาทั่วไป
การศึกษาทั่วไป
PE1116.N8 S111M 2552 ฉ.2 
  Barcode: 17896
ห้องสมุดวิทยาเขตสวรรค์ประชารักษ์
►หนังสือทั่วไป
บนชั้น
3. การศึกษาทั่วไป
การศึกษาทั่วไป
PE1116.N8 S111M 2552 ฉ.3 
  Barcode: 16890
ห้องสมุดวิทยาเขตสวรรค์ประชารักษ์
►หนังสือทั่วไป
บนชั้น
4. การศึกษาทั่วไป
การศึกษาทั่วไป
PE1116.N8 S111M 2552 ฉ.4 
  Barcode: 19746
ห้องสมุดวิทยาเขตสวรรค์ประชารักษ์
►หนังสือทั่วไป
บนชั้น
5. การศึกษาทั่วไป
การศึกษาทั่วไป
PE1116.N8 S111M 2552 ฉ.5 
  Barcode: 19747
ห้องสมุดวิทยาเขตสวรรค์ประชารักษ์
►หนังสือทั่วไป
บนชั้น

รายการใกล้เคียง
    ผู้แต่ง [ธชพร เทศะศิลป์]

    หัวเรื่อง [การสื่อสารทางการพยาบาล]
    หัวเรื่อง [การสื่อสารทางการแพทย์]

BibComment


ยังไม่เคยถูกคอมเมนท์

คอมเมนท์ทรัพยากรรายการนี้
  คอมเมนท์: May I help you ..


 Copyright 2026. Bcnsprnw @Library